|
|
|
|
| LEADER |
01049cam a22003131a 4500 |
| 001 |
000035127 |
| 003 |
11394 |
| 005 |
20220727170721.0 |
| 008 |
151103s2009 000 eng |
| 020 |
|
|
|c 46000
|
| 040 |
|
|
|a lnn
|
| 041 |
|
|
|a eng
|
| 082 |
|
|
|a 420.8
|b KA-S
|
| 100 |
|
|
|a Kay,Sue
|
| 245 |
|
0 |
|a Inside Out :
|b Giáo tŕnh tiếng anh giao tiếp /
|c Sue Kay, Vaughan Jones; Hồng Đức dịch
|n Pre- Intermediate
|
| 260 |
|
|
|b Lao Động
|a HCM,
|c 2009.
|
| 300 |
|
|
|a 96tr. :
|b mh. ;
|c 25cm.
|
| 650 |
|
|
|a Inside Out
|
| 653 |
|
|
|a tiếng anh giao tiếp
|a tiếng anh
|
| OWN |
|
|
|a LNN
|
| AVA |
|
|
|a UDN50
|b LNN
|c English
|d 420.8 SU-K
|e available
|t Error 5001 Not defined in file expand_doc_bib_avail.
|f 5
|g 0
|h N
|i 0
|j AN
|
| 999 |
|
|
|a From the UDN01
|
| AVA |
|
|
|a UDN50
|b LNN
|c English
|d 420.8 SU-K
|e available
|t Error 5001 Not defined in file expand_doc_bib_avail.
|f 5
|g 0
|h N
|i 0
|j AN
|
| TYP |
|
|
|a Monograph
|
| TYP |
|
|
|a Printed language
|
| 980 |
|
|
|a Mạng thư viện Đại học Đà Nẵng
|